000 00563nam a2200145Ia 4500
008 151213s9999 xx 000 0 und d
100 _aজাতীয় কবিতা সংকলন।
245 _aকাব্য বীথি
_cজাতীয় কবিতা সংকলন।
260 _aঢাক
_bপাকিস্তান পাবলিকেশন্স।
_c1954
300 _a8759 p.
650 _aBangla
650 _aকবিতা গ্রন্থ
700 _aজাতীয় কবিতা সংকলন।
999 _c4544
_d4544